[Event "20th TCh-RUS 2013"]
[Site "Loo RUS"]
[Date "2013.04.10"]
[Round "4"]
[White "Torshin, Anton2"]
[Black "Moiseenko, Alexander"]
[Result "1/2-1/2"]
[WhiteElo "2183"]
[BlackElo "2703"]
[PlyCount "107"]
[EventDate "2013.04.07"]
[WhiteTeam "EGU-Perspektiva"]
[BlackTeam "Economist-SGSEU"]

1. e4 c5 2. Nf3 Nc6 3. d4 cxd4 4. Nxd4 Nf6 5. Nc3 e5 6. Ndb5 d6 7. Bg5 a6 8.
Na3 b5 9. Nd5 Be7 10. Bxf6 Bxf6 11. c4 b4 12. Nc2 O-O 13. h4 a5 14. g3 g6 15.
h5 Bg7 16. Bg2 Be6 17. b3 Rc8 18. Nde3 Nd4 19. Qd3 Qb6 20. Rd1 Nc6 21. Bh3 Rcd8
22. hxg6 hxg6 23. Kf1 Qb7 24. Rh2 Ne7 25. Bg2 Qb6 26. Qe2 Bf6 27. Bh3 Bxh3+ 28.
Rxh3 Kg7 29. Kg2 Rh8 30. Rxh8 Rxh8 31. Qd3 Qc6 32. Qxd6 Qxe4+ 33. f3 Qa8 34.
Ng4 Ng8 35. Nxe5 Nh6 36. Qd5 Qe8 37. Re1 Nf5 38. Re4 Qg8 39. Rf4 Rh5 40. Re4
Ne7 41. Qd6 Bxe5 42. Rxe5 Nf5 43. Rxf5 gxf5 44. Ne3 Qh7 45. Qe5+ f6 46. Qe7+
Kg6 47. Qe8+ Qf7 48. Qc8 Rg5 49. f4 Rh5 50. c5 a4 51. c6 axb3 52. axb3 Qxb3 53.
c7 Qxe3 54. Qg8+ 1/2-1/2

[Event "20th TCh-RUS 2013"]
[Site "Loo RUS"]
[Date "2013.04.10"]
[Round "4"]
[White "Sutovsky, Emil"]
[Black "Vachier-Lagrave, Maxime"]
[Result "0-1"]
[WhiteElo "2671"]
[BlackElo "2722"]
[PlyCount "64"]
[EventDate "2013.04.07"]
[WhiteTeam "Navigator"]
[BlackTeam "Belorechensk"]

1. e4 c5 2. Nf3 d6 3. d4 cxd4 4. Nxd4 Nf6 5. Nc3 a6 6. Be3 Ng4 7. Bc1 Nf6 8.
Be3 Ng4 9. Bg5 h6 10. Bh4 g5 11. Bg3 Bg7 12. h3 Ne5 13. f3 Nbc6 14. Bf2 Be6 15.
Qd2 Qa5 16. Nb3 Bxb3 17. cxb3 Ng6 18. g3 h5 19. O-O-O h4 20. gxh4 Nxh4 21. Be2
Bxc3 22. bxc3 Ne5 23. Kb1 Nhxf3 24. Qe3 Rc8 25. Bxf3 Rxc3 26. Qa7 Nxf3 27. Qxb7
O-O 28. Rd5 Qa3 29. Rxg5+ Nxg5 30. Qd5 e5 31. Rg1 Rfc8 32. Qd2 Kf8 0-1

[Event "20th TCh-RUS 2013"]
[Site "Loo RUS"]
[Date "2013.04.10"]
[Round "4"]
[White "Safarli, Eltaj"]
[Black "Tregubov, Pavel V"]
[Result "1/2-1/2"]
[WhiteElo "2644"]
[BlackElo "2611"]
[PlyCount "128"]
[EventDate "2013.04.07"]
[WhiteTeam "Navigator"]
[BlackTeam "Belorechensk"]

1. e4 c5 2. Nf3 e6 3. d4 cxd4 4. Nxd4 Nc6 5. Nc3 Nf6 6. g3 d5 7. exd5 exd5 8.
Bg2 Bg4 9. f3 Bd7 10. Be3 Be7 11. O-O O-O 12. Re1 Re8 13. Nb3 Be6 14. Bf2 Qd7
15. Qd2 Rad8 16. Rad1 Qc8 17. Nb5 b6 18. N5d4 Bd7 19. Nxc6 Qxc6 20. Nd4 Qc8 21.
c3 h6 22. Bf1 Nh7 23. h4 Nf8 24. Bd3 Ba4 25. Rc1 Bf6 26. Rxe8 Rxe8 27. Nf5 Qc7
28. Bd4 Bxd4+ 29. cxd4 Qb8 30. Qb4 Bd7 31. Qd6 Qxd6 32. Nxd6 Re3 33. Rc3 Re1+
34. Kf2 Ra1 35. Ra3 a5 36. Rb3 Rxa2 37. Rxb6 a4 38. Ke3 a3 39. bxa3 Rxa3 40. g4
g5 41. h5 Be6 42. Rb8 Kg7 43. Ne8+ Kg8 44. Nd6 Kg7 45. Rd8 Bd7 46. Kd2 Rb3 47.
Kc2 Rb6 48. Nf5+ Bxf5 49. Bxf5 Rb5 50. Rd6 Nh7 51. Bxh7 Kxh7 52. Rc6 Rb4 53.
Kd3 Kg7 54. Rc5 Rb3+ 55. Ke2 Rb2+ 56. Ke3 Rb3+ 57. Kf2 Rb2+ 58. Kg3 Rd2 59.
Rxd5 Kf8 60. Rd8+ Kg7 61. Rd6 Kh7 62. d5 Kg7 63. Kh3 Kh7 64. Rf6 Kg7 1/2-1/2

[Event "20th TCh-RUS 2013"]
[Site "Loo RUS"]
[Date "2013.04.10"]
[Round "4"]
[White "Savchenko, Boris"]
[Black "Yemelin, Vasily"]
[Result "1/2-1/2"]
[WhiteElo "2604"]
[BlackElo "2588"]
[PlyCount "159"]
[EventDate "2013.04.07"]
[WhiteTeam "Belorechensk"]
[BlackTeam "Navigator"]

1. Nf3 Nf6 2. g3 d5 3. Bg2 e6 4. O-O Be7 5. d3 c5 6. Nbd2 Nc6 7. e4 O-O 8. e5
Ne8 9. Re1 b5 10. h4 Nc7 11. Ng5 Bxg5 12. hxg5 Qxg5 13. Nb3 Qe7 14. Be3 Na6 15.
c4 bxc4 16. dxc4 Bb7 17. Qh5 dxc4 18. Bg5 f6 19. exf6 Qf7 20. Qxf7+ Rxf7 21.
Rxe6 gxf6 22. Bxc6 fxg5 23. Na5 Bxc6 24. Rxc6 Nb4 25. Rxc5 h6 26. Rxc4 Nd3 27.
Rc2 Raf8 28. Rf1 Nb4 29. Rd2 Nxa2 30. Nc6 Rc7 31. Rd6 Kg7 32. Rfd1 Rf6 33. Rxf6
Kxf6 34. Rd6+ Kg7 35. g4 Rb7 36. Nd4 Rxb2 37. Nf5+ Kf8 38. Rxh6 Nc3 39. Ra6
Ne2+ 40. Kg2 Nf4+ 41. Kg3 Nd3 42. Rd6 Nf4 43. Rf6+ Kg8 44. Ne3 Kg7 45. Ra6 Nd3
46. Rxa7+ Kg6 47. Ra6+ Kf7 48. Nc4 Rb3 49. Ra7+ Kg6 50. Nd2 Rb6 51. Ne4 Re6 52.
f3 Ne5 53. Rb7 Kh6 54. Rb5 Nf7 55. Kf2 Ra6 56. Rb3 Kg6 57. Ke3 Kg7 58. Kd4 Ra4+
59. Kd5 Ra6 60. Nc5 Rd6+ 61. Ke4 Rc6 62. Rc3 Kg6 63. Rc1 Kg7 64. Nd3 Re6+ 65.
Kd4 Rd6+ 66. Ke3 Re6+ 67. Kf2 Rd6 68. Rc3 Kg6 69. Kg3 Kg7 70. Nf2 Ra6 71. Nh3
Kg6 72. Rc5 Kf6 73. Nf2 Kg6 74. Ne4 Rb6 75. Rc7 Ra6 76. Rxf7 Kxf7 77. Nxg5+ Kg6
78. f4 Ra1 79. Nf3 Ra3 80. Kg2 1/2-1/2

[Event "20th TCh-RUS 2013"]
[Site "Loo RUS"]
[Date "2013.04.10"]
[Round "4"]
[White "Demidov, Mikhail"]
[Black "Landa, Konstantin"]
[Result "0-1"]
[WhiteElo "2462"]
[BlackElo "2642"]
[PlyCount "134"]
[EventDate "2013.04.07"]
[WhiteTeam "Navigator"]
[BlackTeam "Belorechensk"]

1. e4 c5 2. Nf3 e6 3. c3 d5 4. exd5 Qxd5 5. d4 Nf6 6. Na3 Nc6 7. Be2 cxd4 8.
Nb5 Qd7 9. Nbxd4 Bc5 10. O-O O-O 11. Bg5 Nxd4 12. cxd4 Be7 13. Qb3 Qd6 14. Bh4
Bd7 15. Bg3 Qb4 16. Qxb4 Bxb4 17. Ne5 Rad8 18. Bf3 Bb5 19. Rfc1 Ba6 20. a3 Bd2
21. Rc7 Ba5 22. Rcc1 Bb6 23. b4 Nd5 24. Rab1 Bb5 25. Nc4 Bxd4 26. Nd6 Bd3 27.
Rb3 Bg6 28. Nxb7 Rc8 29. Nc5 a5 30. Bxd5 exd5 31. Bf4 Rfe8 32. h3 Re2 33. Rf1
Bc2 34. Rg3 f5 35. Nb3 Bc3 36. Nc5 axb4 37. axb4 Bxb4 38. Nd3 Bc3 39. Rc1 Rce8
40. Be3 d4 41. Nf4 Rd2 42. Rxg7+ Kh8 43. Rc7 dxe3 44. Rxc3 e2 45. Nxe2 Rexe2
46. Rf3 Kg7 47. Ra1 Kf6 48. Ra6+ Ke5 49. Ra5+ Kd4 50. Rf4+ Kc3 51. Ra3+ Kb2 52.
Ra7 h5 53. Rb7+ Kc1 54. Ra7 Be4 55. Rh7 Rd1+ 56. Kh2 Rf1 57. Rxh5 Rfxf2 58.
Rxf2 Rxf2 59. Rg5 Kd2 60. Kg1 Ke2 61. h4 Rf4 62. h5 Rh4 63. Rg6 Rxh5 64. Ra6
Rg5 65. Ra2+ Ke3 66. Ra3+ Kf4 67. Ra2 Rxg2+ 0-1

[Event "20th TCh-RUS 2013"]
[Site "Loo RUS"]
[Date "2013.04.10"]
[Round "4"]
[White "Aleksandrov, Aleksej"]
[Black "Moskalenko, Alexander"]
[Result "1-0"]
[WhiteElo "2604"]
[BlackElo "2459"]
[PlyCount "105"]
[EventDate "2013.04.07"]
[WhiteTeam "Belorechensk"]
[BlackTeam "Navigator"]

1. d4 d5 2. c4 c6 3. Nf3 Nf6 4. e3 e6 5. Bd3 Nbd7 6. O-O b6 7. b3 Bb7 8. Bb2
Be7 9. Nbd2 c5 10. cxd5 exd5 11. dxc5 bxc5 12. Qc2 O-O 13. e4 dxe4 14. Nxe4
Nxe4 15. Bxe4 Bxe4 16. Qxe4 Bf6 17. Bxf6 Nxf6 18. Qc4 Rc8 19. Rac1 Qa5 20. Rfe1
Nd7 21. Qc3 Qa3 22. Rc2 Nb6 23. Ne5 Rfe8 24. h3 h6 25. Re4 f5 26. Re3 Qb4 27.
Nc6 Qxc3 28. Rxe8+ Rxe8 29. Rxc3 Re1+ 30. Kh2 Re2 31. a4 c4 32. a5 Nd5 33. Rxc4
Rxf2 34. Kg3 Rb2 35. Nd4 Ne3 36. Rc8+ Kf7 37. Kf4 Nxg2+ 38. Kxf5 a6 39. Rc7+
Kg8 40. Ra7 Ne3+ 41. Ke4 Nf1 42. Rxa6 Nd2+ 43. Kd3 h5 44. Rb6 Ra2 45. a6 Kf7
46. a7 g5 47. Nc6 g4 48. hxg4 hxg4 49. Rb8 g3 50. a8=Q Rxa8 51. Rxa8 g2 52.
Ne5+ Ke6 53. Rg8 1-0

[Event "20th TCh-RUS 2013"]
[Site "Loo RUS"]
[Date "2013.04.11"]
[Round "5"]
[White "Svidler, Peter"]
[Black "Jakovenko, Dmitry"]
[Result "1/2-1/2"]
[WhiteElo "2747"]
[BlackElo "2734"]
[PlyCount "75"]
[EventDate "2013.04.07"]
[WhiteTeam "SPb Chess Fed"]
[BlackTeam "Yugra"]

1. d4 d5 2. c4 e6 3. Nc3 Be7 4. cxd5 exd5 5. Bf4 c6 6. e3 Bd6 7. Bxd6 Qxd6 8.
Bd3 Ne7 9. Qc2 b6 10. e4 dxe4 11. Nxe4 Qb4+ 12. Nd2 Ba6 13. Ngf3 Bxd3 14. Qxd3
Nd7 15. O-O O-O 16. Ne4 Qa5 17. Rfe1 Qd5 18. Nc3 Qd6 19. Ne4 Qd5 20. Rad1 Ng6
21. Nc3 Qd6 22. d5 Nf6 23. Ne4 Nxe4 24. Qxe4 Rfd8 25. dxc6 Qxd1 26. c7 Qxe1+
27. Qxe1 Rd7 28. h4 Nf8 29. h5 h6 30. Nh4 Rxc7 31. Nf5 Ne6 32. Qe4 Rd8 33. a4
Rcd7 34. b4 Nd4 35. Ne3 Ne6 36. Nf5 Nd4 37. Ne3 Ne6 38. Nf5 1/2-1/2

[Event "20th TCh-RUS 2013"]
[Site "Loo RUS"]
[Date "2013.04.11"]
[Round "5"]
[White "Leko, Peter"]
[Black "Vitiugov, Nikita"]
[Result "1/2-1/2"]
[WhiteElo "2744"]
[BlackElo "2712"]
[PlyCount "77"]
[EventDate "2013.04.07"]
[WhiteTeam "Yugra"]
[BlackTeam "SPb Chess Fed"]

1. e4 c5 2. Nf3 e6 3. d4 cxd4 4. Nxd4 Nc6 5. Nc3 Qc7 6. Be3 a6 7. Qd2 Nf6 8.
O-O-O Be7 9. f3 b5 10. g4 Bb7 11. Bf4 d6 12. Nxc6 Qxc6 13. g5 Nd7 14. Bxd6 Bxd6
15. Qxd6 Qxd6 16. Rxd6 h6 17. Rg1 hxg5 18. Rxg5 Rxh2 19. Rxg7 Ke7 20. Rd2 Rh1
21. Rf2 Ne5 22. Rg3 f5 23. exf5 exf5 24. Rg7+ Nf7 25. Ne2 Kf6 26. Rg1 Rxg1 27.
Nxg1 Rh8 28. Ne2 Rh4 29. c3 Ne5 30. Nd4 Rh1 31. Kd2 f4 32. Be2 Bd5 33. a3 Bf7
34. Bf1 Bg8 35. b3 Bf7 36. Kc2 Bg6+ 37. Kd2 Bf7 38. Kc2 Bg6+ 39. Kd2 1/2-1/2

[Event "20th TCh-RUS 2013"]
[Site "Loo RUS"]
[Date "2013.04.11"]
[Round "5"]
[White "Dominguez Perez, Leinier"]
[Black "Korobov, Anton"]
[Result "1/2-1/2"]
[WhiteElo "2723"]
[BlackElo "2698"]
[PlyCount "62"]
[EventDate "2013.04.07"]
[WhiteTeam "SPb Chess Fed"]
[BlackTeam "Yugra"]

1. e4 c5 2. Nf3 d6 3. d4 cxd4 4. Nxd4 Nf6 5. Nc3 a6 6. Be3 e6 7. f3 b5 8. Qd2
Nbd7 9. g4 h6 10. O-O-O b4 11. Nce2 Qc7 12. h4 d5 13. Bf4 e5 14. Bh2 dxe4 15.
g5 hxg5 16. hxg5 Rxh2 17. Rxh2 exd4 18. Rh8 Nd5 19. Qxd4 Bb7 20. fxe4 N5b6 21.
Bh3 O-O-O 22. Kb1 Kb8 23. Bxd7 Nxd7 24. Rxf8 Rxf8 25. Qxd7 Bxe4 26. Qa4 a5 27.
Qb5+ Kc8 28. Qa6+ Kb8 29. Qb5+ Kc8 30. Qa6+ Kb8 31. Qb5+ Kc8 1/2-1/2

[Event "20th TCh-RUS 2013"]
[Site "Loo RUS"]
[Date "2013.04.11"]
[Round "5"]
[White "Khairullin, Ildar"]
[Black "Rublevsky, Sergei"]
[Result "1/2-1/2"]
[WhiteElo "2660"]
[BlackElo "2688"]
[PlyCount "43"]
[EventDate "2013.04.07"]
[WhiteTeam "SPb Chess Fed"]
[BlackTeam "Yugra"]

1. e4 c5 2. Nf3 e6 3. d4 cxd4 4. Nxd4 Nc6 5. Nc3 a6 6. Be3 Nf6 7. f4 Bb4 8. Bd3
e5 9. fxe5 Nxe5 10. O-O d6 11. Kh1 Bxc3 12. bxc3 h6 13. Nf3 O-O 14. Nxe5 dxe5
15. Qf3 Re8 16. Bxh6 gxh6 17. Qxf6 Qxf6 18. Rxf6 Re6 19. Rf5 Re7 20. Rf6 Re6
21. Rf5 Re7 22. Rf6 1/2-1/2

[Event "20th TCh-RUS 2013"]
[Site "Loo RUS"]
[Date "2013.04.11"]
[Round "5"]
[White "Karjakin, Sergey"]
[Black "Kamsky, Gata"]
[Result "1/2-1/2"]
[WhiteElo "2786"]
[BlackElo "2741"]
[PlyCount "50"]
[EventDate "2013.04.07"]
[WhiteTeam "Malakhit"]
[BlackTeam "Kazan"]

1. e4 e5 2. Nf3 Nc6 3. Bb5 a6 4. Ba4 Nf6 5. O-O Be7 6. Re1 b5 7. Bb3 O-O 8. a4
Bb7 9. d3 d6 10. c3 Nb8 11. Nbd2 Nbd7 12. Nf1 Nc5 13. Bc2 Nxa4 14. Bxa4 bxa4
15. Qxa4 h6 16. Ne3 Re8 17. Nc4 Bf8 18. Na5 Bc8 19. Nc6 Qd7 20. h3 Re6 21. c4
Qe8 22. Nb4 Bd7 23. Qd1 Bc8 24. Qa4 Bd7 25. Qd1 Bc8 1/2-1/2

[Event "20th TCh-RUS 2013"]
[Site "Loo RUS"]
[Date "2013.04.11"]
[Round "5"]
[White "Timofeev, Artyom"]
[Black "Grischuk, Alexander"]
[Result "0-1"]
[WhiteElo "2616"]
[BlackElo "2764"]
[PlyCount "144"]
[EventDate "2013.04.07"]
[WhiteTeam "Kazan"]
[BlackTeam "Malakhit"]

1. d4 Nf6 2. c4 e6 3. Nc3 Bb4 4. e3 O-O 5. Bd3 d5 6. Nf3 c5 7. O-O cxd4 8. exd4
dxc4 9. Bxc4 b6 10. Qe2 Nc6 11. Rd1 Na5 12. Bd3 Bb7 13. Bg5 Be7 14. Rac1 Rc8
15. Ne5 Nd5 16. Bd2 Nc6 17. Qg4 f5 18. Nxc6 fxg4 19. Nxd8 Rfxd8 20. Nxd5 Bxd5
21. Rxc8 Rxc8 22. a3 Bf6 23. Bc3 Kf7 24. Be2 h5 25. h3 gxh3 26. Bxh5+ g6 27.
Bg4 hxg2 28. Bh3 g5 29. Bxg2 Kg6 30. Bxd5 exd5 31. f3 Kf5 32. Kf2 Be7 33. Ke3
Rh8 34. Bb4 Bxb4 35. axb4 Re8+ 36. Kd2 Kf4 37. Rg1 Rg8 38. Ke2 Re8+ 39. Kd2 Rg8
40. Ke2 g4 41. fxg4 Rxg4 42. Ra1 Ke4 43. Kd2 Kxd4 44. Rxa7 Kc4 45. b5 Rg2+ 46.
Kc1 Kxb5 47. Rd7 Kc4 48. Rc7+ Kb4 49. Rd7 Rg5 50. Rh7 Rg1+ 51. Kc2 Rg2+ 52. Kb1
d4 53. Ka2 b5 54. Rd7 Rg4 55. Rd8 Rh4 56. Rd7 Rf4 57. Rd8 Re4 58. Rd7 Rh4 59.
Rd8 Kc4 60. Rc8+ Kd3 61. Kb3 Ke3 62. Re8+ Re4 63. Rh8 d3 64. Rh3+ Kd4 65. Rh2
Rf4 66. Rh3 Rf5 67. Rh4+ Ke3 68. Rh3+ Ke2 69. Rh2+ Rf2 70. Rh5 d2 71. Re5+ Kd1
72. Rxb5 Ke1 0-1

[Event "20th TCh-RUS 2013"]
[Site "Loo RUS"]
[Date "2013.04.11"]
[Round "5"]
[White "Bologan, Viktor"]
[Black "Atalik, Suat"]
[Result "1/2-1/2"]
[WhiteElo "2681"]
[BlackElo "2593"]
[PlyCount "110"]
[EventDate "2013.04.07"]
[WhiteTeam "Malakhit"]
[BlackTeam "Kazan"]

1. e4 e5 2. Nf3 Nc6 3. Bb5 a6 4. Ba4 d6 5. O-O Bd7 6. c3 g6 7. d4 Bg7 8. Re1
Nf6 9. d5 Ne7 10. Bxd7+ Nxd7 11. a4 h6 12. c4 a5 13. b3 f5 14. Nc3 Nc5 15. Ba3
fxe4 16. Nd2 Nd3 17. Rxe4 O-O 18. Nf3 Nb4 19. Na2 Na6 20. Qd3 b6 21. Rae1 Nc5
22. Bxc5 bxc5 23. Nc3 Qd7 24. h3 Rf7 25. R1e2 g5 26. Rg4 Raf8 27. Nd2 Rf4 28.
Rxf4 gxf4 29. Nb5 Nf5 30. Nf3 c6 31. dxc6 Qxc6 32. Nc3 Qc8 33. Rd2 Qe6 34. Qe4
Kh8 35. Nb5 Rg8 36. Rd3 Bf8 37. Kf1 Qg6 38. Nd2 Be7 39. Ke2 h5 40. Kd1 Kh7 41.
g3 fxg3 42. fxg3 Kh6 43. Nf1 Nd4 44. Qxg6+ Kxg6 45. Nd2 Kf5 46. Nc3 Ke6 47. Nd5
Bd8 48. Ne4 Rg7 49. Ndc3 Rf7 50. Ke1 Be7 51. Nb5 Rf8 52. Nd2 Nc2+ 53. Ke2 Nd4+
54. Ke1 Nc2+ 55. Ke2 Nd4+ 1/2-1/2

[Event "20th TCh-RUS 2013"]
[Site "Loo RUS"]
[Date "2013.04.11"]
[Round "5"]
[White "Iljin, Artem"]
[Black "Malakhov, Vladimir"]
[Result "1/2-1/2"]
[WhiteElo "2538"]
[BlackElo "2709"]
[PlyCount "81"]
[EventDate "2013.04.07"]
[WhiteTeam "Kazan"]
[BlackTeam "Malakhit"]

1. d4 d5 2. Nf3 Nf6 3. c4 c6 4. Qc2 g6 5. Bf4 dxc4 6. Qxc4 Bg7 7. g3 Be6 8. Qa4
Qb6 9. Bc1 Na6 10. Nc3 O-O 11. Bg2 c5 12. O-O Nd5 13. Ng5 Nxc3 14. bxc3 cxd4
15. Nxe6 fxe6 16. Ba3 Nc5 17. Qc4 Rac8 18. Rab1 Qa6 19. Qxa6 bxa6 20. cxd4 Bxd4
21. Rbc1 Na4 22. e3 Bc5 23. Rc4 Bxa3 24. Rxa4 Bd6 25. Bh3 Kf7 26. Re4 Rc2 27.
Bxe6+ Kg7 28. Bb3 Rd2 29. Rc4 a5 30. Rc2 Rxc2 31. Bxc2 Rc8 32. Bb3 Ba3 33. Rd1
Rc1 34. Rxc1 Bxc1 35. Kf1 e5 36. Ke2 g5 37. g4 h6 38. Kd3 Kf6 39. Ke4 Bd2 40.
h3 Bc1 41. Kd3 1/2-1/2

[Event "20th TCh-RUS 2013"]
[Site "Loo RUS"]
[Date "2013.04.11"]
[Round "5"]
[White "Caruana, Fabiano"]
[Black "Ivanchuk, Vassily"]
[Result "1-0"]
[WhiteElo "2772"]
[BlackElo "2757"]
[PlyCount "107"]
[EventDate "2013.04.07"]
[WhiteTeam "SHSM Nashe Nasledie Moskow"]
[BlackTeam "Economist-SGSEU"]

1. e4 e5 2. Nf3 Nc6 3. Bb5 a6 4. Ba4 Nf6 5. O-O Be7 6. Re1 b5 7. Bb3 O-O 8. a4
b4 9. d3 d6 10. Nbd2 Be6 11. Bxe6 fxe6 12. Nb3 Qe8 13. d4 Nd7 14. d5 Nd8 15.
dxe6 Nxe6 16. Qd5 Qf7 17. Na5 c5 18. Be3 Nf6 19. Qc4 Nd4 20. Qxf7+ Kxf7 21.
Ng5+ Kg6 22. Rac1 Nd7 23. Nh3 Nb6 24. c3 bxc3 25. bxc3 Ne6 26. Ra1 Bd8 27. g3
Kf7 28. f4 exf4 29. gxf4 g6 30. Bf2 Kg8 31. Bg3 Bc7 32. Kg2 Rae8 33. Red1 Rf7
34. Ra2 c4 35. Nb7 Nc8 36. Rb2 Nb6 37. Rb4 Nc5 38. Nxd6 Bxd6 39. Rxd6 Nbxa4 40.
Ng5 Rfe7 41. e5 Rc8 42. Bf2 Rec7 43. Rxc4 Kg7 44. Bd4 h6 45. Nf3 Nb2 46. Rxc5
Rxc5 47. Bxc5 Rxc5 48. Nh4 g5 49. Rd7+ Kf8 50. Ng6+ Ke8 51. Re7+ Kd8 52. f5 Nd3
53. f6 Rxc3 54. Ra7 1-0

[Event "20th TCh-RUS 2013"]
[Site "Loo RUS"]
[Date "2013.04.11"]
[Round "5"]
[White "Volokitin, Andrei"]
[Black "Wojtaszek, Radoslaw"]
[Result "1/2-1/2"]
[WhiteElo "2702"]
[BlackElo "2700"]
[PlyCount "77"]
[EventDate "2013.04.07"]
[WhiteTeam "Economist-SGSEU"]
[BlackTeam "SHSM Nashe Nasledie Moskow"]

1. e4 c5 2. Nf3 d6 3. d4 cxd4 4. Nxd4 Nf6 5. Nc3 a6 6. Be3 e5 7. Nb3 Be6 8. h3
Be7 9. Qf3 O-O 10. O-O-O b5 11. g4 b4 12. Nd5 Nxd5 13. exd5 Bc8 14. Qe4 a5 15.
Bd3 f5 16. gxf5 Bxf5 17. Qg2 Bxd3 18. Rxd3 Nd7 19. Nd2 Nf6 20. Kb1 Rc8 21. h4
Qd7 22. Rg1 Rf7 23. Bg5 Nh5 24. Ne4 Nf4 25. Bxf4 exf4 26. h5 Qf5 27. Qf3 Bf6
28. h6 Re7 29. Nxf6+ Qxf6 30. Rxg7+ Rxg7 31. hxg7 Re8 32. a3 bxa3 33. Rxa3 Rb8
34. Rc3 Qd4 35. Ka2 Qa4+ 36. Kb1 Qd4 37. Ka2 Qa4+ 38. Kb1 Qd4 39. Ka2 1/2-1/2

[Event "20th TCh-RUS 2013"]
[Site "Loo RUS"]
[Date "2013.04.11"]
[Round "5"]
[White "Grachev, Boris"]
[Black "Alekseev, Evgeny"]
[Result "1/2-1/2"]
[WhiteElo "2693"]
[BlackElo "2695"]
[PlyCount "49"]
[EventDate "2013.04.07"]
[WhiteTeam "SHSM Nashe Nasledie Moskow"]
[BlackTeam "Economist-SGSEU"]

1. d4 Nf6 2. c4 e6 3. Nf3 d5 4. g3 Be7 5. Bg2 O-O 6. O-O dxc4 7. Qa4 a6 8. Qxc4
b5 9. Qc2 Bb7 10. Bg5 Nbd7 11. Bxf6 Nxf6 12. Nbd2 Rc8 13. Nb3 Be4 14. Qc3 Nd5
15. Qa5 Bb4 16. Qxa6 c6 17. Ne5 Bxg2 18. Kxg2 Ne7 19. e4 f6 20. Nd3 Ra8 21. Qb7
Rb8 22. Qa7 Ra8 23. Qb7 Rb8 24. Qa7 Ra8 25. Qb7 1/2-1/2

[Event "20th TCh-RUS 2013"]
[Site "Loo RUS"]
[Date "2013.04.11"]
[Round "5"]
[White "Eljanov, Pavel"]
[Black "Dubov, Daniil"]
[Result "1/2-1/2"]
[WhiteElo "2703"]
[BlackElo "2614"]
[PlyCount "113"]
[EventDate "2013.04.07"]
[WhiteTeam "Economist-SGSEU"]
[BlackTeam "SHSM Nashe Nasledie Moskow"]

1. c4 c6 2. Nf3 Nf6 3. g3 g6 4. b3 Bg7 5. Bb2 O-O 6. Bg2 d5 7. O-O b6 8. d4 Bb7
9. Nc3 Nbd7 10. Qc2 e6 11. Rfd1 Rc8 12. e4 Nxe4 13. Nxe4 dxe4 14. Qxe4 Qc7 15.
Qc2 Rfd8 16. Rd2 c5 17. d5 exd5 18. cxd5 Qd6 19. Rad1 h6 20. Bh3 Bxb2 21. Qxb2
Re8 22. Qa3 a6 23. Bg2 Rcd8 24. Nd4 Nf6 25. Nc6 Rc8 26. Qc1 Qf8 27. Qb2 Qg7 28.
Re2 Kh7 29. Ne7 Rcd8 30. Rde1 Ba8 31. h4 Rd7 32. a4 Red8 33. Nc6 Rf8 34. Ne5
Rdd8 35. Nc6 Rd7 36. Rd2 Nxd5 37. Ne5 Re8 38. h5 Nf6 39. Rde2 Rde7 40. Bxa8
Rxa8 41. Ng4 Rxe2 42. Nxf6+ Qxf6 43. Qxf6 Rxe1+ 44. Kg2 Ra7 45. Qxb6 Ree7 46.
Qxc5 a5 47. g4 Rec7 48. Qe5 Rcb7 49. Qd4 Rd7 50. Qf6 Rd5 51. hxg6+ fxg6 52. Qe6
Rad7 53. f3 R5d6 54. Qe5 Rd5 55. Qc3 h5 56. gxh5 Rxh5 57. b4 1/2-1/2

[Event "20th TCh-RUS 2013"]
[Site "Loo RUS"]
[Date "2013.04.11"]
[Round "5"]
[White "Vachier-Lagrave, Maxime"]
[Black "Makarov, Marat"]
[Result "1/2-1/2"]
[WhiteElo "2722"]
[BlackElo "2518"]
[PlyCount "121"]
[EventDate "2013.04.07"]
[WhiteTeam "Belorechensk"]
[BlackTeam "M.Chigorin Chess Club"]

1. e4 c5 2. Nf3 d6 3. d4 cxd4 4. Nxd4 Nf6 5. Nc3 a6 6. h3 e5 7. Nde2 h5 8. g3
Be6 9. Bg2 Nbd7 10. a4 Be7 11. O-O Qc7 12. Be3 Rc8 13. a5 O-O 14. b3 Rfe8 15.
Ra2 Bf8 16. Nd5 Bxd5 17. exd5 e4 18. c4 g6 19. Nc3 Bg7 20. Qb1 Nc5 21. Bd4 Qd8
22. Re2 h4 23. g4 Nh7 24. Bxg7 Kxg7 25. b4 Nd3 26. Rxe4 Ne5 27. c5 Nf6 28. Re3
dxc5 29. Rfe1 cxb4 30. Qxb4 Nd3 31. Rxe8 Nxb4 32. Rxd8 Rxd8 33. Rb1 Nd3 34.
Rxb7 Nf4 35. g5 N6xd5 36. Nxd5 Nxg2 37. Nf6 Nf4 38. Kh2 Ne6 39. Rb6 Nxg5 40.
Rxa6 Rd3 41. Rb6 Rxh3+ 42. Kg2 Ra3 43. a6 Ne6 44. Ne8+ Kf8 45. Nd6 Nc5 46. Rb8+
Kg7 47. Ne8+ Kh6 48. Nc7 Ra2 49. Rb4 g5 50. Rb6+ Kh5 51. Ne8 Nxa6 52. Nf6+ Kg6
53. Ne4+ Kf5 54. Nd6+ Kg4 55. Nxf7 h3+ 56. Kg1 Nc5 57. Rb4+ Kh5 58. Ne5 h2+ 59.
Kxh2 Rxf2+ 60. Kg3 Rc2 61. Rc4 1/2-1/2

[Event "20th TCh-RUS 2013"]
[Site "Loo RUS"]
[Date "2013.04.11"]
[Round "5"]
[White "Ionov, Sergey"]
[Black "Mamedov, Rauf"]
[Result "1-0"]
[WhiteElo "2540"]
[BlackElo "2662"]
[PlyCount "135"]
[EventDate "2013.04.07"]
[WhiteTeam "M.Chigorin Chess Club"]
[BlackTeam "Belorechensk"]

1. d4 Nf6 2. Bg5 g6 3. Bxf6 exf6 4. c4 Bg7 5. Nc3 f5 6. e3 O-O 7. Nge2 d6 8. g3
h5 9. h4 Nd7 10. Bg2 Nf6 11. O-O Ng4 12. Nf4 Bh6 13. b4 Re8 14. Rb1 Nf6 15. Qc2
g5 16. hxg5 Bxg5 17. Qd1 h4 18. Qf3 Ne4 19. Nxe4 fxe4 20. Qh5 Kg7 21. gxh4 Bxh4
22. Qa5 Bg4 23. f3 exf3 24. Bxf3 Rxe3 25. Bxg4 Rg3+ 26. Kh1 Rxg4 27. Rg1 Rg5
28. Qf5 Qh8 29. Rxg5+ Bxg5+ 30. Nh3 f6 31. Re1 Qh4 32. Re4 Qh5 33. Kg2 Re8 34.
Nf4 Bxf4 35. Qxh5 Rxe4 36. Qd5 f5 37. Qxb7 Rxd4 38. Qxc7+ Kf6 39. Qxa7 Rxc4 40.
b5 Rb4 41. b6 Ke6 42. b7 d5 43. Qc5 Rb2+ 44. Kf3 Bd6 45. Qc8+ Ke7 46. Qxf5 Rxa2
47. Qh7+ Ke6 48. Qg6+ Kd7 49. Qxd6+ Kxd6 50. b8=Q+ Kd7 51. Qb3 Ra7 52. Qxd5+
Kc8 53. Qg8+ Kc7 54. Ke4 Ra6 55. Qf7+ Kb8 56. Kd5 Rb6 57. Kc5 Rb7 58. Qf4+ Ka7
59. Qa4+ Kb8 60. Qa5 Rc7+ 61. Kb6 Re7 62. Kc6 Rb7 63. Qe5+ Ka7 64. Qa1+ Kb8 65.
Qa5 Rh7 66. Qb4+ Ka7 67. Qa3+ Kb8 68. Qb3+ 1-0

[Event "20th TCh-RUS 2013"]
[Site "Loo RUS"]
[Date "2013.04.11"]
[Round "5"]
[White "Tregubov, Pavel V"]
[Black "Levin, Evgeny A"]
[Result "1-0"]
[WhiteElo "2611"]
[BlackElo "2521"]
[PlyCount "91"]
[EventDate "2013.04.07"]
[WhiteTeam "Belorechensk"]
[BlackTeam "M.Chigorin Chess Club"]

1. d4 Nf6 2. c4 e6 3. Nf3 b6 4. e3 Bb7 5. Bd3 d5 6. b3 Nbd7 7. O-O Bd6 8. Nc3
O-O 9. Bb2 a6 10. Rc1 Re8 11. cxd5 exd5 12. Ne2 Qe7 13. Ng3 g6 14. Qc2 Rac8 15.
Qe2 Ra8 16. Rc2 Rec8 17. Rfc1 Ne4 18. Nf1 Nef6 19. N3d2 Qf8 20. Ng3 Qe7 21. Re1
Re8 22. Rec1 Rec8 23. Ngf1 Qf8 24. h3 Qe7 25. f4 c5 26. Nf3 cxd4 27. Rxc8+ Rxc8
28. Rxc8+ Bxc8 29. Bxd4 Nc5 30. N1d2 Nfe4 31. Bxe4 dxe4 32. Ne5 Bxe5 33. fxe5
b5 34. b4 Ne6 35. Nxe4 Qxb4 36. Nf6+ Kg7 37. Qf2 Qb1+ 38. Kh2 Qf5 39. Qh4 g5
40. Qg3 Kf8 41. Bc3 Qb1 42. Qf3 b4 43. Qc6 bxc3 44. Qxc8+ Kg7 45. Qg8+ Kh6 46.
e4 1-0

[Event "20th TCh-RUS 2013"]
[Site "Loo RUS"]
[Date "2013.04.11"]
[Round "5"]
[White "Anisimov, Pavel2"]
[Black "Savchenko, Boris"]
[Result "1/2-1/2"]
[WhiteElo "2541"]
[BlackElo "2604"]
[PlyCount "54"]
[EventDate "2013.04.07"]
[WhiteTeam "M.Chigorin Chess Club"]
[BlackTeam "Belorechensk"]

1. e4 e6 2. d4 d5 3. Nd2 c5 4. Ngf3 Nf6 5. exd5 Nxd5 6. Nb3 cxd4 7. Nbxd4 Qb6
8. c4 Nf6 9. Be2 Bb4+ 10. Bd2 Bc5 11. Be3 Ng4 12. O-O Nxe3 13. fxe3 Nd7 14. Rb1
a5 15. Kh1 O-O 16. Bd3 e5 17. Nb5 Bxe3 18. Nd6 Nc5 19. Nxe5 Be6 20. Nf5 Rad8
21. Ne7+ Kh8 22. Qh5 Nxd3 23. N5g6+ fxg6 24. Nxg6+ Kg8 25. Ne7+ Kh8 26. Ng6+
Kg8 27. Ne7+ Kh8 1/2-1/2